LDR 00744naa#a2200169#i#450# 001 EN\\bibl\122472 005 20260430174307.4 011 ## _a2409-1073 100 ## _a20240320b2024####ek#y0engy0150####ca 102 ## _aRU 200 1# _aInternalization of the value of unity as a factor of spiritual and moral development of personality _eJournal article 210 1# _aMoscow _cNational Research University of Electronic Technology _d2024 215 ## _a0 с. 608 ## _aJournal article _2local 675 ## _aПсихология. 159.9 _aСущность нравственности. Проблемы нравственности. 17.02 _aФилософия. Психология. 1 _aЦенности. 316.752 _z 700 #1 _aAntipenko _gYulia T. 856 4# _aesgi-journal.ru _u